[Event "FRA-ch Youth 2017"]
[Site "Belfort"]
[Date "2017.04.17"]
[Round "2"]
[White "Bassal, Samuel"]
[Black "Burri, Quentin"]
[Result "0-1"]
[WhiteElo "1924"]
[BlackElo "2372"]
[Annotator "TA"]
[PlyCount "68"]
[EventDate "2017.??.??"]
[EventCountry "FRA"]
[SourceTitle "playchess.com"]
[Source "ChessBase"]
[SourceQuality "1"]

{[%evp 15,68,12,14,0,14,-2,16,12,16,14,14,0,38,37,38,31,40,34,52,16,9,6,14,17,8,-30,-29,-72,-80,-153,20,12,62,9,12,7,12,18,22,20,19,16,20,3,8,8,34,34,60,0,153,170,147,-551,-548]} 1. d4 d5 2. Nf3 Nf6 3. e3 Bg4 4. Be2 e6 5. Nbd2 Nbd7 6. O-O Bd6 7. b3 O-O 8. Bb2 c6 {LiveBook: 4 Games} 9. h3 {A06: Réti Opening:1 Nf3 d5} Bxf3 10. Bxf3 Qe7 11. Re1 {The position is equal.} Ba3 $146 (11... Rad8 12. e4 dxe4 13. Nxe4 Nxe4 14. Bxe4 {0-1 (50) Fernandez,J (2420)-Uhlmann,W (2555) Decin 1977}) 12. Bxa3 Qxa3 13. e4 Qb4 14. e5 Ne8 15. c4 Rd8 16. Rc1 Qb6 17. cxd5 cxd5 18. Nb1 Nb8 19. Qd2 Nc6 20. Rc5 Nc7 21. Nc3 {[#] Hoping for Na4.} Na6 22. Na4 ({White should play} 22. Rb5 Qxd4 23. Qxd4 Nxd4 24. Rxb7) 22... Qc7 $2 (22... Qb4 $17 23. Qxb4 Ncxb4) 23. Rc2 $11 Qe7 24. Nc5 (24. Be2 $14 Qb4 25. Bxa6 bxa6 26. Rd1) 24... Nxc5 25. Rxc5 f6 26. exf6 Qxf6 27. Rd1 Rf7 28. b4 {[%cal Bb3b4,Bb4b5][%mdl 32]} Qg6 {aiming for ...Rxf3.} 29. Kh1 Rdf8 30. b5 Ne7 31. Qe2 Rf6 32. Rc7 (32. Bg4 $14) 32... Nf5 $2 (32... Rxf3 $1 $11 33. gxf3 Qf5) 33. Rxb7 $16 Nh4 {[%cal Rf6f3] [#]} 34. Re7 $2 {[%mdl 8192]} ({Inferior is} 34. Bg4 h5 35. g3 hxg4 36. gxh4 Rxf2 37. Qxg4 Qxg4 38. hxg4 Rxa2 $17) (34. Rg1 $1 $16) 34... Rxf3 0-1

[Event "FRA-ch Youth 2017"]
[Site "Belfort"]
[Date "2017.04.17"]
[Round "2"]
[White "Mutlu, Mehmed-Emin"]
[Black "Eugene, Floryan"]
[Result "0-1"]
[WhiteElo "1921"]
[BlackElo "2271"]
[Annotator "TA"]
[PlyCount "61"]
[EventDate "2017.??.??"]
[EventCountry "FRA"]
[SourceTitle "playchess.com"]
[Source "ChessBase"]
[SourceQuality "1"]

{[%evp 8,61,28,-3,7,20,37,25,27,25,36,25,30,20,25,-40,-40,-130,-48,-31,8,26,20,33,33,26,23,23,20,-26,-25,-29,0,0,0,-20,0,0,0,-28,0,-91,-52,-247,-98,-93,-77,-75,-79,-657,-653,-650,-641,-738,-649,-619]} 1. e4 e5 2. Nc3 Nc6 3. f4 d6 4. Nf3 Nf6 5. d4 exd4 {C30: King's Gambit Declined} (5... Bg4 6. d5 Nd4 7. Be2 Nxe2 8. Qxe2 c6 9. fxe5 dxe5 10. Bg5 h6 11. Bh4 Bb4 12. Qc4 Bxc3+ 13. Qxc3 {1-0 (49) Zapolskis,A (2377)-Markowski,T (2561) Warsaw 2006}) 6. Nxd4 Be7 7. Be2 O-O {White has an edge.} 8. Be3 Re8 9. Bf3 Nxe4 $146 (9... Bd7 10. Qe2 Nxd4 11. Bxd4 Bc6 12. O-O-O Nd7 13. e5 dxe5 14. fxe5 Bd6 15. Bxc6 bxc6 {½-½ (63) Sandmann,B (2119)-Braun,G (2325) Ellwangen 1998}) 10. Bxe4 ({But not} 10. Nxe4 d5 $15) 10... d5 $1 {[%cal Rd5e4]} 11. Bxh7+ (11. Bxd5 $11 Bh4+ 12. Kd2) 11... Kxh7 $15 12. Qh5+ Kg8 13. O-O-O {[%cal Ba1d1,Bd1d4,Bd4f4][%mdl 32]} Bc5 14. Bf2 {[#] Hoping for Nxc6.} Nxd4 15. Bxd4 Bxd4 16. Rxd4 {Threatens to win with f5.} c6 17. f5 {And now Rh4 would win.} Qf6 18. Rf4 (18. Rh4 $5 {with more complications.} Qh6+ 19. Qxh6 gxh6 20. Rf1 Re5 21. g4) 18... Re5 $36 {[%cal Re5f5][%mdl 2048] Black fights for an advantage.} 19. g4 Qh6 (19... b6 $5 {seems wilder.} 20. Rhf1 Qh6 21. Qxh6 gxh6 22. R1f2 c5) 20. Qxh6 gxh6 21. Rg1 f6 22. Kd2 Bd7 23. Rg2 Kf7 24. Kd3 (24. Rg3 $11 {keeps the balance.}) 24... c5 25. Re2 $2 {[#]} (25. Kd2 $15) 25... Rae8 (25... d4 $19 {has better winning chances.} 26. Ne4 Bb5+ 27. Kd2 Bxe2 28. Kxe2 c4) 26. Rff2 d4 {[%cal Bd5d4,Bd4c3][%mdl 32]} 27. Rxe5 Rxe5 28. Ne4 $2 {[%mdl 8192]} (28. Ne2 $17) 28... Bb5+ $19 {Black is clearly winning.} 29. c4 dxc3+ $1 30. Ke3 Bc6 31. Kd3 0-1

[Event "FRA-ch Youth 2017"]
[Site "Belfort"]
[Date "2017.04.17"]
[Round "2"]
[White "Normand, Victor"]
[Black "Gatineau, Yovann"]
[Result "1/2-1/2"]
[WhiteElo "1904"]
[BlackElo "2214"]
[Annotator "TA"]
[PlyCount "82"]
[EventDate "2017.??.??"]
[EventCountry "FRA"]
[SourceTitle "playchess.com"]
[Source "ChessBase"]
[SourceQuality "1"]

{[%evp 22,82,15,13,64,35,31,39,36,10,45,17,37,14,206,198,467,505,476,311,324,309,292,310,288,251,385,385,475,448,416,292,266,262,347,314,378,304,352,295,331,310,351,221,251,250,237,187,142,111,156,124,272,176,165,177,169,120,330,296,306,256,229]} 1. e4 c5 2. Nc3 a6 3. Nge2 e6 4. d4 cxd4 5. Nxd4 Qc7 6. Bd3 Nf6 7. O-O d6 8. Kh1 Be7 9. f4 O-O 10. Qf3 Nc6 11. Be3 Bd7 12. Rae1 Rfd8 $146 {B82: Sicilian Scheveningen: 6 f4} (12... b5 $11) (12... b5 13. a3 Rab8 14. Nxc6 Bxc6 15. Qh3 Rfd8 16. Bd2 d5 17. e5 Ne4 18. f5 Nxd2 19. fxe6 Ne4 20. exf7+ {1-0 (30) Kamsky,G (2741)-Mamedyarov,S (2775) Tromsoe 2013}) 13. Nxc6 Bxc6 14. Qh3 e5 {White is slightly better.} 15. Qg3 Kh8 16. fxe5 dxe5 17. Rf5 Bd7 $2 {[#]} (17... Rd7 $11 {and Black has nothing to worry.}) 18. Nd5 $1 $40 {[%cal Rd5c7][%mdl 128] White goes for the king.} (18. Rg5 h6 19. Rxe5 Bd6 $17) 18... Nxd5 $2 (18... Qd6 {keeps fighting.}) 19. Rxf7 {[%csl Gf7][%cal Rg3g7]} Bf6 20. exd5 Rf8 21. Qh3 Bxh3 22. Rxc7 Bc8 23. Rf1 Re8 (23... e4 $142) 24. Be4 Bg4 25. d6 ({Resist} 25. Rxb7 a5 26. c4 Reb8 $18) 25... Rad8 26. Bc5 ({Not} 26. Rxb7 Rxd6 27. c4 Rd7 28. Rxd7 Bxd7 $18) 26... b6 27. Ba3 ({Don't take} 27. Bxb6 $6 Rxd6 28. Be3 Red8 $18) 27... Bd7 28. c4 Rf8 29. h3 a5 30. b4 axb4 31. Bxb4 Be6 32. c5 bxc5 33. Bxc5 Bxa2 34. Ra1 Be6 35. Raa7 Kg8 36. Bc6 Rf7 (36... Rb8 $16 {is a better defense.}) 37. d7 {[#] Strongly threatening Rc8!} g5 38. Bb6 {Threatens to win with Rc8.} Kg7 39. Kg1 e4 $2 (39... h5 $16 40. Rcb7 Rh8) 40. Rcb7 Rdf8 41. Bxe4 h5 1/2-1/2

[Event "FRA-ch Youth 2017"]
[Site "Belfort"]
[Date "2017.04.17"]
[Round "2"]
[White "Vigna, Liza"]
[Black "Tourneur, Cloe"]
[Result "1-0"]
[WhiteElo "1864"]
[BlackElo "1580"]
[Annotator "NA RC"]
[PlyCount "85"]
[EventDate "2017.??.??"]
[EventCountry "FRA"]
[SourceTitle "playchess.com"]
[Source "ChessBase"]
[SourceQuality "1"]
[TimeControl "5400+30"]

1. e4 {[%emt 0:00:42]} d5 {[%emt 0:00:11]} 2. exd5 {[%emt 0:00:14]} Nf6 {[%emt 0:00:09]} 3. Bb5+ {[%emt 0:04:02]} Bd7 {[%emt 0:01:50]} 4. Bc4 {[%emt 0:00:27]} Bg4 {[%emt 0:00:40]} 5. f3 {[%emt 0:02:07]} Bc8 {[%emt 0:02:02]} 6. Nc3 {[%emt 0:01:51]} Nbd7 {[%emt 0:00:40]} 7. d3 {[%emt 0:06:23] B01: Scandinavian Defence} (7. d4 Nb6 8. Bb3 a5 9. a4 Nbxd5 10. Nge2 e6 11. O-O Be7 12. Nxd5 Nxd5 13. Nf4 O-O 14. Nxd5 exd5 15. Bf4 Bf5 16. Kh1 {½-½ (41) Fluvia Poyatos,J (2448)-Krylov,M (2484) Platja d'Aro 2016}) 7... Nb6 {[%emt 0:01:56]} 8. Bb5+ {[%emt 0:00:16]} Bd7 {[%emt 0:00:14]} 9. Bc4 {[%emt 0:00:08]} Bc8 {[%emt 0:00:28]} 10. Bf4 {[%emt 0:01:44]} Nbxd5 {[%emt 0:15:24]} 11. Nxd5 {[%emt 0:01:05]} Nxd5 {[%emt 0:00:11]} 12. Bxd5 {[%emt 0:00:28]} Qxd5 {[%emt 0:00:13]} 13. Bxc7 {[%emt 0:00:18]} Qc5 {[%emt 0:00:20]} 14. Bg3 {[%emt 0:04:43]} Qb4+ {[%emt 0:00:36]} 15. c3 {[%emt 0:03:50]} Qxb2 {[%emt 0:01:56]} 16. Ne2 {[%emt 0:01:04]} b6 $146 {[%emt 0:04:32]} (16... Bf5) 17. O-O {[%emt 0:02:24]} Ba6 {[%emt 0:02:53]} 18. Rb1 {[%emt 0:16:59]} Qa3 {[%emt 0:00:47]} 19. Nd4 {[%emt 0:11:25]} e6 {[%emt 0:03:29]} 20. Be5 {[%emt 0:02:31]} Qa5 {[%emt 0:04:35]} 21. Re1 $11 {[%emt 0:05:07]} Rc8 {[%emt 0:06:18]} 22. Nf5 {[%emt 0:06:37]} f6 {[%emt 0:05:50]} 23. Bd4 {[%emt 0:04:05]} Kf7 {[%emt 0:04:49]} 24. Ng3 {[%emt 0:06:32]} Bc5 {[%emt 0:00:59]} 25. Ne2 {[%emt 0:05:43]} Rhe8 {[%emt 0:02:26]} 26. Kh1 {[%emt 0:00:50]} Bxd4 {[%emt 0:00:31]} 27. cxd4 {[%emt 0:02:49]} Re7 {[%emt 0:04:31]} 28. Qb3 {[%emt 0:01:46]} Qd2 {[%emt 0:02:26]} 29. Rbd1 {[%emt 0:01:21]} Qc2 {[%emt 0:00:57]} 30. Qa3 {[%emt 0:01:09]} Bb7 {[%emt 0:01:19]} 31. Nf4 {[%emt 0:00:29]} Qf2 {[%emt 0:02:39]} 32. d5 {[%emt 0:02:24]} e5 {[%emt 0:04:31]} 33. d6 {[%emt 0:00:13]} Rd7 {[%emt 0:00:30]} 34. Qb3+ {[%emt 0:00:11]} Kf8 {[%emt 0:03:02]} 35. Ne6+ {[%emt 0:00:12]} Ke8 {[%emt 0:00:24]} 36. Nc5 {[%emt 0:01:39]} Rxd6 {[%emt 0:08:05]} 37. Qg8+ {[%emt 0:00:09]} Ke7 {[%emt 0:00:26]} 38. Qxg7+ {[%emt 0:00:08]} Ke8 {[%emt 0:00:49]} 39. Nxb7 {[%emt 0:01:15]} Rdc6 {[%emt 0:02:06]} 40. Qg8+ {[%emt 0:01:33]} Ke7 {[%emt 0:00:11]} 41. Qxh7+ {[%emt 0:00:12]} Ke6 {[%emt 0:01:18]} 42. d4 {[%emt 0:00:25]} Rc2 {[%emt 0:01:29]} 43. d5# 1-0

[Event "FRA-ch Youth 2017"]
[Site "Belfort"]
[Date "2017.04.17"]
[Round "2"]
[White "Vernet, Solene"]
[Black "Saliou, Sarah"]
[Result "1-0"]
[WhiteElo "1863"]
[BlackElo "1684"]
[Annotator "NA RC"]
[PlyCount "45"]
[EventDate "2017.??.??"]
[EventCountry "FRA"]
[SourceTitle "playchess.com"]
[Source "ChessBase"]
[SourceQuality "1"]
[TimeControl "5400+30"]

1. d4 {[%emt 0:00:00]} Nf6 {[%emt 0:00:04]} 2. c4 {[%emt 0:00:00]} b6 {[%emt 0:00:07]} 3. Nf3 {[%emt 0:00:00]} Bb7 {[%emt 0:00:05]} 4. g3 {[%emt 0:05:57]} e6 {[%emt 0:00:25]} 5. Bg2 {[%emt 0:00:05]} Be7 {[%emt 0:00:20]} 6. O-O {[%emt 0:00:18]} O-O {[%emt 0:00:07]} 7. Nc3 {[%emt 0:01:04]} d6 {[%emt 0:04:06]} 8. Qc2 {[%emt 0:04:02]} Nbd7 {[%emt 0:02:48]} 9. Rd1 {[%emt 0:02:45]} Re8 {[%emt 0:04:43]} 10. e4 {[%emt 0:05:19]} Qc8 {[%emt 0:09:16]} 11. b3 {[%emt 0:09:53]} e5 {[%emt 0:07:24]} 12. Bb2 {[%emt 0:02:53]} Bf8 {[%emt 0:04:04]} 13. dxe5 {[%emt 0:05:23]} dxe5 {[%emt 0:00:38]} 14. Bh3 {[%emt 0:01:31]} Bc6 {[%emt 0:05:08]} 15. Nd5 {[%emt 0:01:51]} Qb7 {[%emt 0:09:01]} 16. Nxf6+ {[%emt 0:12:44]} ({Better is} 16. b4 $16) 16... Nxf6 {[%emt 0:00:10]} 17. Nxe5 {[%emt 0:00:22]} Bxe4 {[%emt 0:02:36]} 18. Qc3 {[%emt 0:00:23]} a5 $11 {[%emt 0:15:15]} 19. a3 {[%emt 0:05:46]} h6 {[%emt 0:16:28]} 20. Rd2 {[%emt 0:07:03]} Nh7 {[%emt 0:04:13]} 21. Nxf7 {[%emt 0:08:25]} Ng5 {[%emt 0:12:22]} 22. Nxg5 {[%emt 0:00:39]} hxg5 {[%emt 0:00:05]} 23. Rd7 {[%emt 0:00:11]} 1-0

[Event "FRA-ch Youth 2017"]
[Site "Belfort"]
[Date "2017.04.17"]
[Round "2"]
[White "Meric, Geoffrey"]
[Black "Cohen Revivo, Shoham"]
[Result "0-1"]
[WhiteElo "1862"]
[BlackElo "2221"]
[Annotator "TA"]
[PlyCount "72"]
[EventDate "2017.??.??"]
[EventCountry "FRA"]
[SourceTitle "playchess.com"]
[Source "ChessBase"]
[SourceQuality "1"]

{[%evp 22,72,27,22,35,24,64,51,33,12,96,-4,-13,-13,0,-21,17,0,14,-48,-58,-37,-41,-158,-157,-344,-13,-371,-310,-350,-358,-602,-261,-408,-430,-488,-476,-530,-536,-516,-519,-495,-453,-935,-916,-991,-982,-1192,-1163,-29984,-29985,-29986,-29986]} 1. e4 e6 2. d4 d5 3. Nc3 Nf6 4. e5 Nfd7 5. f4 c5 6. Nf3 Nc6 7. Be3 a6 8. Qd2 b5 9. Be2 Qb6 10. Nd1 cxd4 {C11: French: Classical System: 4 e5 and 4 Bg5 dxe4} 11. Nxd4 Bc5 (11... Nxd4 12. Bxd4 Bc5 13. c3 b4 14. O-O a5 15. Bg4 O-O 16. Ne3 Ba6 17. Rfe1 g6 18. Nxd5 exd5 19. Bxd7 {0-1 (43) Ponomariov,R (2712)-Wang,H (2717) Huaian 2016}) 12. c3 {LiveBook: 6 Games} O-O {The position is equal.} 13. O-O Bb7 14. b4 $146 (14. Kh1 Rac8 15. g4 Rc7 16. Bd3 b4 17. Qf2 Ncxe5 18. fxe5 Nxe5 {1-0 (64) Ljikar,T (1877)-Radenic,F (1667) Topusko 2014}) 14... Bxd4 15. cxd4 a5 (15... Qc7 $11 {remains equal.}) 16. Nc3 (16. f5 $16) 16... axb4 $11 17. Nxb5 Ba6 18. Nd6 $1 f5 19. Bxa6 Rxa6 20. Rfb1 ({White should play} 20. Rac1 $11) 20... Rfa8 $15 21. Rb3 Ra4 22. Kh1 {[#]} (22. Qc2 $15) 22... Qa6 $1 $17 {[%cal Ra4a2]} 23. Rb2 $2 {[#]} (23. Qc1 $17) 23... Ra3 $2 (23... Nb6 $1 $19 {aiming for ...Nc4.} 24. Qd1 Nc4 25. Nxc4 dxc4) 24. Bf2 $2 {[%mdl 8192] [#]} (24. Rc1 $11 {and White is okay.}) 24... b3 $1 {[%mdl 512]} 25. h3 (25. axb3 Rxa1+) 25... Rxa2 26. Rbxa2 $2 (26. Rab1 Nb6 27. Qe1) 26... bxa2 (26... Qxa2 $142 27. Qxa2 Rxa2) 27. Qb2 (27. Qc3 $142) 27... Nb6 $19 28. Kh2 Nc4 29. Nxc4 Qxc4 30. Qb7 Ra7 31. Qb2 Kf7 32. Be3 (32. Be1 $142) 32... Nb4 33. Bd2 Nc2 34. Qb8 Re7 35. Qh8 Nxa1 36. Qxh7 Nc2 0-1

[Event "FRA-ch Youth 2017"]
[Site "Belfort"]
[Date "2017.04.17"]
[Round "2"]
[White "Dedenon, Quentin"]
[Black "Tomasi, Albert"]
[Result "0-1"]
[WhiteElo "1857"]
[BlackElo "2176"]
[Annotator "TA"]
[PlyCount "38"]
[EventDate "2017.??.??"]
[EventCountry "FRA"]
[SourceTitle "playchess.com"]
[Source "ChessBase"]
[SourceQuality "1"]

{[%evp 14,38,35,25,28,-3,-15,-39,-33,-85,-82,-115,-108,-207,-206,-215,-211,-226,-202,-620,-637,-659,-612,-870,-814,-814,-459]} 1. d4 Nf6 2. c4 c5 3. d5 b5 4. cxb5 a6 5. f3 axb5 6. e4 Qa5+ 7. Bd2 b4 8. Na3 d6 {A57: Benko/Volga Gambit} 9. Bb5+ (9. Nc4 Qd8 10. Bd3 e6 11. dxe6 Bxe6 12. Ne2 Nc6 13. Nf4 Be7 14. O-O O-O 15. Re1 Nd7 16. Nxe6 fxe6 17. f4 Bf6 18. e5 dxe5 {½-½ (45) Volkov,S (2609)-Hoffmann,M (2471) Bad Wiessee 2016}) 9... Bd7 10. Bxd7+ Nbxd7 {Black is slightly better.} 11. Nc4 {[#]} (11. Nc2 $15) 11... Qa6 $1 $17 {[%cal Ra6c4]} 12. Qb3 $146 {[#]} (12. Qe2 e6 13. dxe6 fxe6 14. Ne3 d5 15. Qxa6 Rxa6 16. exd5 exd5 {0-1 (28) Casser,A-Fels,B IECG email 1997}) 12... e6 $1 13. dxe6 (13. Ne2 $17 {might work better.}) 13... fxe6 $19 14. Bf4 d5 15. exd5 exd5 16. Nd2 $2 (16. Qe3+ Kf7 17. Ne5+ Nxe5 18. Bxe5) 16... c4 {[%cal Bc5c4,Bc4c3][%mdl 32] Black is clearly winning.} 17. Qc2 Nc5 18. Ne2 Nd3+ 19. Kf1 c3 0-1

[Event "FRA-ch Youth 2017"]
[Site "Belfort"]
[Date "2017.04.17"]
[Round "2"]
[White "Yuan, Beline"]
[Black "Diez, Ambre"]
[Result "1-0"]
[WhiteElo "1845"]
[BlackElo "1420"]
[Annotator "NA RC"]
[PlyCount "73"]
[EventDate "2017.??.??"]
[EventCountry "FRA"]
[SourceTitle "playchess.com"]
[Source "ChessBase"]
[SourceQuality "1"]
[TimeControl "5400+30"]

1. d4 {[%emt 0:00:00]} Nf6 {[%emt 0:00:07]} 2. c4 {[%emt 0:00:33]} c5 {[%emt 0:00:08]} 3. d5 {[%emt 0:00:44]} b5 {[%emt 0:00:07]} 4. e3 {[%emt 0:01:22]} bxc4 {[%emt 0:03:40]} 5. Bxc4 {[%emt 0:03:14]} d6 {[%emt 0:03:36]} 6. Nc3 {[%emt 0:01:19]} g6 {[%emt 0:01:07]} 7. e4 {[%emt 0:03:11]} Bg7 {[%emt 0:03:45]} 8. f4 {[%emt 0:03:12]} Nfd7 {[%emt 0:05:26]} 9. Nf3 {[%emt 0:06:39]} Qa5 {[%emt 0:11:32]} 10. Bd2 {[%emt 0:03:03]} Qb4 {[%emt 0:02:13]} 11. Qe2 {[%emt 0:02:17]} Qb6 {[%emt 0:09:12]} 12. O-O {[%emt 0:03:35]} Ba6 {[%emt 0:03:34] [#]} (12... Qb7 $16 {is a better defense.}) 13. Bxa6 {[%emt 0:14:20]} (13. b3 $1 $18) 13... Nxa6 {[%emt 0:01:15]} 14. e5 {[%emt 0:03:00]} dxe5 {[%emt 0:04:53]} ({Better is} 14... Nc7 $14) 15. fxe5 {[%emt 0:00:57]} O-O $2 {[%emt 0:00:41]} (15... Rb8 $16 {was called for.}) 16. Rac1 $14 {[%emt 0:10:07]} ({Better is} 16. Na4 $18 Qb7 17. e6) 16... Nc7 {[%emt 0:04:57]} 17. Na4 {[%emt 0:01:29]} Qb5 {[%emt 0:04:33]} 18. Qxb5 {[%emt 0:09:08]} Nxb5 {[%emt 0:00:08]} 19. e6 {[%emt 0:00:11]} Nb6 {[%emt 0:05:53]} 20. Nxc5 {[%emt 0:01:19]} Bxb2 {[%emt 0:02:46]} 21. Rb1 {[%emt 0:00:23]} Bd4+ {[%emt 0:00:09]} 22. Nxd4 {[%emt 0:00:24]} Nxd4 {[%emt 0:00:07]} 23. Bh6 {[%emt 0:00:23]} fxe6 {[%emt 0:07:15]} 24. Rxf8+ {[%emt 0:01:26]} Rxf8 {[%emt 0:00:11]} 25. Bxf8 {[%emt 0:00:09]} Kxf8 {[%emt 0:00:08]} 26. Nxe6+ {[%emt 0:01:16]} Nxe6 {[%emt 0:00:17]} 27. dxe6 {[%emt 0:00:04]} Kg7 {[%emt 0:00:19]} 28. Rf1 {[%emt 0:01:03]} Nd5 {[%emt 0:00:41]} 29. Rf7+ {[%emt 0:01:44]} Kg8 {[%emt 0:01:57]} 30. Kf2 {[%emt 0:00:11]} h6 {[%emt 0:00:45]} 31. a3 {[%emt 0:00:37]} g5 {[%emt 0:01:39]} 32. g3 {[%emt 0:00:17]} a6 {[%emt 0:01:06]} 33. Kf3 {[%emt 0:00:28]} Nf6 {[%emt 0:00:51]} 34. Rxe7 {[%emt 0:00:47]} g4+ {[%emt 0:00:20]} 35. Ke2 {[%emt 0:00:31]} h5 {[%emt 0:01:33]} 36. Ra7 {[%emt 0:00:13]} Kf8 {[%emt 0:00:13]} 37. Rf7+ {[%emt 0:00:05]} 1-0

[Event "FRA-ch Youth 2017"]
[Site "Belfort"]
[Date "2017.04.17"]
[Round "2"]
[White "Fretel, Liza"]
[Black "Chachiachvili, Mariam"]
[Result "1-0"]
[WhiteElo "1801"]
[BlackElo "1742"]
[Annotator "NA RC"]
[PlyCount "74"]
[EventDate "2017.??.??"]
[EventCountry "FRA"]
[SourceTitle "playchess.com"]
[Source "ChessBase"]
[SourceQuality "1"]
[TimeControl "5400+30"]

1. e4 {[%emt 0:00:00]} e5 {[%emt 0:00:06]} 2. Nf3 {[%emt 0:00:00]} Nc6 {[%emt 0:00:21]} 3. Bc4 {[%emt 0:00:00]} Bc5 {[%emt 0:00:06]} 4. c3 {[%emt 0:00:00]} Nf6 {[%emt 0:00:48]} 5. d3 {[%emt 0:00:01]} d6 {[%emt 0:03:21]} 6. b4 {[%emt 0:00:59]} Bb6 {[%emt 0:00:39]} 7. a4 {[%emt 0:00:04]} a5 {[%emt 0:02:53]} 8. b5 {[%emt 0:00:07]} Ne7 {[%emt 0:01:14]} 9. O-O {[%emt 0:03:03]} Bg4 {[%emt 0:03:47]} 10. Re1 {[%emt 0:01:14]} O-O {[%emt 0:03:10]} 11. Bg5 {[%emt 0:02:57] C54: Giuoco Piano: 4 c3 Nf6, main lines with 5 d4 and 5 d3} Ng6 {[%emt 0:02:35]} 12. h3 {[%emt 0:03:11]} (12. Bb3 h6 13. Be3 Nd7 14. d4 Nh4 15. Nbd2 Qf6 16. d5 Nc5 17. Rf1 Nxb3 18. Bxb6 Nxd2 19. Qxd2 Nxf3+ 20. gxf3 Bh3 {0-1 (20) Zemanova,S (1250)-Skorvagova,M (1507) Zlate Hory 2006}) 12... Be6 {[%emt 0:02:17]} 13. Bb3 $146 {[%emt 0:01:04]} (13. Ba2 Nf4 14. Bxf4 exf4 15. Nd4 Bxa2 16. Rxa2 Re8 17. Qf3 Re5 18. Qxf4 Nh5 {0-1 (31) Bensch,B-Germann,S Germany 1993}) 13... h6 {[%emt 0:00:49]} 14. Nh4 {[%emt 0:03:17]} hxg5 {[%emt 0:12:16]} 15. Nxg6 {[%emt 0:01:32]} Re8 {[%emt 0:00:08]} 16. h4 {[%emt 0:04:36]} fxg6 {[%emt 0:01:24]} 17. hxg5 {[%emt 0:00:23]} Nh7 {[%emt 0:00:43]} 18. Bxe6+ {[%emt 0:06:57]} Rxe6 {[%emt 0:00:09]} 19. Qb3 {[%emt 0:00:07]} Nxg5 {[%emt 0:03:28]} 20. Na3 {[%emt 0:04:16]} Qf6 {[%emt 0:01:22]} 21. Ra2 {[%emt 0:00:40]} Rf8 {[%emt 0:03:26]} 22. Ree2 {[%emt 0:00:32]} Bc5 {[%emt 0:03:03]} 23. Nc4 {[%emt 0:00:52]} b6 {[%emt 0:00:40]} 24. Ne3 {[%emt 0:04:57]} Qf4 $19 {[%emt 0:05:04]} 25. Rad2 {[%emt 0:04:47]} Bxe3 {[%emt 0:01:18]} 26. Rxe3 {[%emt 0:00:16]} Kh7 {[%emt 0:12:54]} 27. Rde2 {[%emt 0:14:11]} Ref6 {[%emt 0:04:56]} 28. Rg3 {[%emt 0:04:03]} Qc1+ {[%emt 0:02:01]} 29. Kh2 {[%emt 0:00:18]} Rxf2 {[%emt 0:01:33]} 30. Ree3 {[%emt 0:02:35]} R8f7 {[%emt 0:01:30]} 31. Qd5 {[%emt 0:03:41]} Rxg2+ {[%emt 0:06:45]} 32. Rxg2 {[%emt 0:00:59]} Qxe3 {[%emt 0:00:04]} 33. Rxg5 {[%emt 0:03:02]} Rf2+ {[%emt 0:00:11]} 34. Rg2 {[%emt 0:00:21]} Qf4+ {[%emt 0:00:09]} 35. Kh1 {[%emt 0:00:26]} Rf1+ {[%emt 0:00:17]} 36. Rg1 {[%emt 0:00:10]} Qf3+ {[%emt 0:00:22]} 37. Kh2 {[%emt 0:00:06]} Rf2+ {[%emt 0:00:05]} 1-0